แสดงรายละเอียดบรรณานุกรม
  กลับหน้าหลัก

Brief Record : Get Marc (ISO 2709) : E-mail record : QR code ปิดหน้าต่าง
E-books : เกี่ยวกับ Collections
LEADER 00000nam 2200000uu 4500
001    206169
003     ULIBM
008    110624s2553||||th 000 0 tha d
020    978-616-7243-30-6
060  0 นว บ675ส 2553.
100 0  ^aบุษบาพาฝัน.
245 00 ^aแสนร้าย : แสนรัก./^bบุษบาพาฝัน.
260    ^aนนทบุรี : ^bภัทร์โญธิน อักษรศาสตร์,^c2553.
300    ^aจำนวน 445 หน้า.
650  0 ^aนวนิยายไทย.
999    ^aใช้งานได้ทุกระบบ
รายการนี้ยังไม่มีแท็ก
คุณยังไม่ได้ล็อกอิน คุณสามารถมีกิจกรรมร่วมกับเว็บไซต์ได้ แต่ต้องล็อกอินก่อน ::
  ล็อกอิน
ลำดับที่ ประเภท เลขเรียก สถานที่ สถานะ
1. นวนิยาย
นวนิยาย
นว บ675ส 2553  
  
ชั้นนวนิยาย On Shelf
  ขอยืม
2. นวนิยาย
นวนิยาย
นว บ675ส 2553 ฉ.2 
  
ชั้นนวนิยาย On Shelf
  ขอยืม
   [แสดง 2/2 รายการ]

รายการใกล้เคียง
    หัวเรื่อง [นวนิยายไทย.]

BibComment


ยังไม่เคยถูกคอมเมนท์

คอมเมนท์ทรัพยากรรายการนี้
  คอมเมนท์: แสนร้าย แสนรัก ..
Bib 206169

 
 
 

 Union Library Management : ULibM
Copyright 2026. All Rights Reserved.
скачать бесплатно без регистрации порно красивый секс HD Sex Hindi sex

xxx gou

xxxx

bfxxx

xxxwww

Секса Видео

xxxx

Секса Видео

detube

geilexxx

C99 Shell

worms shell

blod xxx video
Ebony Coed Rihanna Rimes Takes A Dick In Her Young Twat priyaa indian fuck anal and pusssy hardcore indian women xxx desi hardcore fucking part 1 bengalixxxcouple